000 00523nam a2200193Ia 4500
005 20250423094818.0
008 250422s9999 xx 000 0 und d
020 _a9789350143599
050 _aTK 5105 .S53/
100 _aSharma, Sanjay
245 0 _aCommunication systems: analog and digital
250 _a6th rev. ed.
260 _aNew Delhi
260 _bS. K. Kataria & Sons
260 _c2016
300 _a1161 p
650 _aTelecommunication. Digital communications. Analog communications
942 _cBK
999 _c28363
_d28363